LEADER 00798nam0-22002891i-450- 001 990000268160403321 005 20001010 035 $a000026816 035 $aFED01000026816 035 $a(Aleph)000026816FED01 035 $a000026816 100 $a20001010d--------km-y0itay50------ba 101 0 $aita 105 $ay-------001yy 200 1 $aIntegral Transforms in Mathematical Physics$fC.J. Tranter. 210 $aLondon$cChapman and Hall$d1974 215 $aIX,139 p., 19 cm 676 $a510 700 1$aTranter,$bClement John$050978 801 0$aIT$bUNINA$gRICA$2UNIMARC 901 $aBK 912 $a990000268160403321 952 $a04 010-36$bCI 7072/725$fDINCH 959 $aDINCH 996 $aIntegral Transforms in Mathematical Physics$9118459 997 $aUNINA DB $aING01 LEADER 01790oam 2200493M 450 001 9910716515003321 005 20210706135249.0 035 $a(CKB)5470000002523009 035 $a(OCoLC)1065609803 035 $a(OCoLC)995470000002523009 035 $a(EXLCZ)995470000002523009 100 $a20071213d1926 ua 0 101 0 $aeng 135 $aurcn||||||||| 181 $ctxt$2rdacontent 182 $cc$2rdamedia 183 $acr$2rdacarrier 200 10$a"For Fulfilling Treaty Stipulations with Various Indian Tribes, and for Other Purposes." June 23, 1926. -- Ordered to be printed 210 1$a[Washington, D.C.] :$c[U.S. Government Printing Office],$d1926. 215 $a1 online resource (2 pages) 225 1 $aSenate report / 69th Congress, 1st session. Senate ;$vno. 1131 225 1 $a[United States congressional serial set] ;$v[serial no. 8526] 300 $aBatch processed record: Metadata reviewed, not verified. Some fields updated by batch processes. 300 $aFDLP item number not assigned. 606 $aIndian reservations 606 $aLegislative amendments 606 $aMineral lands 606 $aMining claims 606 $aMining leases 608 $aLegislative materials.$2lcgft 615 0$aIndian reservations. 615 0$aLegislative amendments. 615 0$aMineral lands. 615 0$aMining claims. 615 0$aMining leases. 701 $aAshurst$b Henry Fountain$f1874-1962$pDemocrat (AZ)$01392846 801 0$bWYU 801 1$bWYU 801 2$bOCLCO 801 2$bOCLCQ 906 $aBOOK 912 $a9910716515003321 996 $a"For Fulfilling Treaty Stipulations with Various Indian Tribes, and for Other Purposes." June 23, 1926. -- Ordered to be printed$93528726 997 $aUNINA LEADER 02618oas 2200877 a 450 001 9910799259803321 005 20260320213014.0 011 $a1867-1551 035 $a(DE-599)ZDB2502690-2 035 $a(DE-599)2502690-2 035 $a(OCoLC)609805653 035 $a(CONSER) 2013233217 035 $a(CKB)110978977731001 035 $a(EXLCZ)99110978977731001 100 $a20100427a19019999 sy b 101 0 $aeng 135 $aurun||||a|a|| 181 $ctxt$2rdacontent 182 $cc$2rdamedia 183 $acr$2rdacarrier 200 00$aArchiv fu?r Papyrusforschung und verwandte Gebiete 210 $aBerlin $cDe Gruyter 300 $aRefereed/Peer-reviewed 300 $aPrint version published: Leipzig : Druck und Verlag von B.G. Teubner, 1901-1999; Mu?unchen : K.G. Saur, 2000-2006; Berlin : Walter de Gruyter, 2007- 311 08$a0066-6459 517 1 $aArchiv fu?r Papyrusforschung 517 1 $aArchiv fu?r Papyrus-Forschung und verwandte Gebiete 531 0 $aArch. Pap.forsch. verwandte Geb. 606 $aManuscripts (Papyri)$vPeriodicals 606 $aClassical philology$vPeriodicals 606 $aClassical philology 606 $aPhilology, Classical 606 $aPapyrus (Manuscrits)$vPe?riodiques 606 $aPhilologie ancienne 606 $aPhilologie ancienne$vPe?riodiques 606 $aClassical philology$2fast$3(OCoLC)fst00863532 606 $aManuscripts (Papyri)$2fast$3(OCoLC)fst01008260 606 $aPapyrologie$2gtt 608 $aPeriodicals.$2fast 615 0$aManuscripts (Papyri) 615 0$aClassical philology 615 0$aClassical philology. 615 2$aPhilology, Classical 615 6$aPapyrus (Manuscrits) 615 6$aPhilologie ancienne. 615 6$aPhilologie ancienne 615 7$aClassical philology. 615 7$aManuscripts (Papyri) 615 17$aPapyrologie. 712 02$aStaatliche Museen zu Berlin (Germany : East), 712 02$aStaatliche Museen zu Berlin--Preussischer Kulturbesitz, 801 0$bOCLCE 801 1$bOCLCE 801 2$bOCLCQ 801 2$bGUA 801 2$bOCLCO 801 2$bOCLCF 801 2$bOCLCO 801 2$bDLC 801 2$bOCLCO 801 2$bLND 801 2$bOCLCQ 801 2$bVT2 801 2$bAU@ 801 2$bOCL 801 2$bAUD 801 2$bOCLCA 801 2$bOCLCO 801 2$bOCLCQ 801 2$bOCLCL 801 2$bOCLCQ 801 2$bOCLCA 906 $aJOURNAL 912 $a9910799259803321 996 $aArchiv für Papyrusforschung und verwandte Gebiete$9800360 997 $aUNINA